00850nam a2200241 a 450000100100000000500170001000800410002704000250006808200170009310000490011024500380015926000350019730000210023249000310025350400730028465000290035765000310038683000370041791000070045404900090046195201210047099900170059100001898720200929165910.0100521s1941 sp 000 p spa d aDO-SdBNPbspacBNPHU a861.4bM519p1 aMeléndez Valdés, Juan,d1754-181794085810aPoesías /cMeléndez Valdés. aMadrid :bEspasa-Calpe,c1941. a175 p. ;c19 cm.1 aClásicos castellanosv64 aIncluye referencias bibliográficas y notas al pie de las páginas 4aPoesía española9631 4aLiteratura española9632 0aClásicos castellanosv6494180 aWM aBNGR 001054708MOaGRbGRcHDd2010-05-21iLF1l0o861.4 M519pp18987-10r2020-06-25w2020-06-25y4ZPréstamo en sala c18505d18505